Normal view
MARC view
- Sajjad ,Muhammad Ehsanullah
Entry Personal Name
001 - CONTROL NUMBER
- control field: 122308
003 - CONTROL NUMBER IDENTIFIER
- control field: NUST
005 - DATE AND TIME OF LATEST TRANSACTION
- control field: 20240415115854.0
008 - FIXED-LENGTH DATA ELEMENTS
- fixed length control field: 240415|| aca||aabn | a|a d
040 ## - CATALOGING SOURCE
- Original cataloging agency: NUST
- Transcribing agency: NUST
100 ## - HEADING--PERSONAL NAME
- Personal name: Sajjad ,Muhammad Ehsanullah
670 ## - SOURCE DATA FOUND
- Source citation: Work cat.: (NUST): Sajjad ,Muhammad Ehsanullah , A study of crack propagation in precipitate hardened materials using Discrete Dislocation Plasticity /
